000 00818nam a2200241 i 4500
001 67065
003 ES-MaACL
005 20230906165939.0
007 t|
008 040503s2002 sp ||||1| spa d
080 _a821.134.2 Aub, Max 7 Signos de ortografía
100 1 _aAub, Max,
_d1903-1972
_923783
245 1 0 _aSignos de ortografía /
_cMax Aub ; prólogo de Rafael Prats ; poesías visuales Bartolomé Ferrando.
260 _aValencia :
_bFundación Max Aub :
_bCampgráafic,
_c2002.
300 _a13, [8] p. ;
_c29 cm.
534 _pReprod. facs. de la ed. de:
_c-- México, 1968.
655 7 _2tgfbne
_9226495
_aFacsímiles
700 1 _aPrats, Rafael.
_993701
700 1 _aFerrando, Fernando.
_950281
852 _aES-MaACL
_j2166-F-10
_bR.131158
942 _2udc
999 _c67065
_d67065